000 00627nam a22001337a 4500
040 _cRUA
082 _aAGR SEA 2020 B1.598 Or.
100 _aSEAN SOVANVUTHY. សៀន សុវណ្ណវុទ្ធី
245 _aEFFECT OF DIFFEREMT RATES OF UREA FERTILIZER ON CELERY CABBAGE. ការប្រើប្រាស់កម្រិតជីអ៊ុយរ៉េខុសៗគ្នាលើដំណាំស្ពៃចង្កឹះ
260 _aPhnom Penh
_bRUA
_c2020
300 _aX.38P
_bVIII.
_c29CM
856 _uhttps://drive.google.com/file/d/1sGoTQbygAJ1c9ZxUp7dhj_9xYkBZwX4C/view?usp=sharing
942 _cAGR
999 _c21821
_d21821